[Event "17. Europa ch Juvenil - Femenino s18"]
[Site "Sibenik CRO"]
[Date "2007.09.14"]
[Round "1.1"]
[White "Charochkina, Daria"]
[Black "Hairapetian, Anna"]
[Result "1-0"]
[WhiteElo "2390"]
[BlackElo "2028"]
[PlyCount "111"]
[EventDate "2007.09.14"]
[EventType "swiss"]
[EventRounds "9"]
[EventCountry "CRO"]
[Source "lmi"]
[SourceDate "2007.09.14"]

1. e4 c5 2. Nf3 Nc6 3. d4 cxd4 4. Nxd4 Nf6 5. Nc3 e5 6. Ndb5 d6 7. Nd5 Nxd5 8.
exd5 Nb8 9. Be3 Be7 10. Qd2 a6 11. Na3 O-O 12. Nc4 Nd7 13. a4 f5 14. f4 exf4
15. Bxf4 Nc5 16. Be2 Ne4 17. Qb4 Rf6 18. O-O Rb8 19. Nb6 Bd7 20. Nxd7 Qxd7 21.
Bxa6 Rg6 22. Kh1 Bh4 23. g3 Bg5 24. Bb5 Qf7 25. Bd3 Qxd5 26. Kg1 Rc8 27. Qb5
Qd4+ 28. Kg2 Bxf4 29. Rxf4 Rf6 30. Rxf5 Rcf8 31. Rxf6 Nxf6 32. Rf1 b6 33. Rf4
Qe3 34. Rf3 Qd2+ 35. Rf2 Qe3 36. Re2 Qc1 37. Rf2 Qe3 38. Qf5 g6 39. Qf4 Qe7 40.
Re2 Qb7+ 41. Kg1 Nd5 42. Qd4 Qf7 43. Re1 Nf6 44. Qxd6 Ne4 45. Qd4 Nd2 46. Be2
Nf3+ 47. Bxf3 Qxf3 48. Qxb6 Rf6 49. Qe3 Qg4 50. Qe8+ Kg7 51. Qe7+ Rf7 52. Qe5+
Kg8 53. Qe4 Qh5 54. Qd4 Rf8 55. Re7 Qh6 56. Qe3 1-0

[Event "17. Europa ch Juvenil - Femenino s18"]
[Site "Sibenik CRO"]
[Date "2007.09.14"]
[Round "1.2"]
[White "Novosadova, Kristyna"]
[Black "Gunina, Valentina"]
[Result "1-0"]
[WhiteElo "2014"]
[BlackElo "2361"]
[PlyCount "95"]
[EventDate "2007.09.14"]
[EventType "swiss"]
[EventRounds "9"]
[EventCountry "CRO"]
[Source "lmi"]
[SourceDate "2007.09.14"]

1. e4 c5 2. Nf3 d6 3. d4 cxd4 4. Nxd4 Nf6 5. Nc3 a6 6. Bg5 e6 7. f4 Nbd7 8. Qf3
Qc7 9. O-O-O b5 10. Bd3 Bb7 11. Rhe1 Be7 12. g4 O-O 13. Qh3 h6 14. Bxh6 Nc5 15.
e5 Nxd3+ 16. Rxd3 Nd5 17. Nxd5 Bxd5 18. Bxg7 Kxg7 19. Nf5+ exf5 20. gxf5 Rg8
21. Rg1+ Kf8 22. Qh6+ Ke8 23. Rxg8+ Kd7 24. e6+ fxe6 25. fxe6+ Bxe6 26. Rxa8
Bf5 27. Rd2 Qb7 28. Qh8 Kc7 29. Re8 Qh1+ 30. Rd1 Qe4 31. Qc3+ Kb7 32. Re1 Qxf4+
33. Qd2 Bg5 34. Qxf4 Bxf4+ 35. Kb1 Bxh2 36. Rf8 Bg4 37. b4 Kc6 38. Ree8 Kd5 39.
Ra8 Kc4 40. Rg8 Bf3 41. Rgc8+ Kd4 42. Ra7 Be5 43. c3+ Kd3 44. Kb2 Kd2 45. Rcc7
d5 46. Rc5 Bh8 47. Rxa6 d4 48. Rd6 1-0

[Event "17. Europa ch Juvenil - Femenino s18"]
[Site "Sibenik CRO"]
[Date "2007.09.14"]
[Round "1.3"]
[White "Foisor, Sabina-Francesca"]
[Black "Sobierska, Wioletta"]
[Result "1-0"]
[WhiteElo "2346"]
[BlackElo "2012"]
[PlyCount "77"]
[EventDate "2007.09.14"]
[EventType "swiss"]
[EventRounds "9"]
[EventCountry "CRO"]
[Source "lmi"]
[SourceDate "2007.09.14"]

1. d4 d5 2. c4 e6 3. Nc3 Nf6 4. cxd5 exd5 5. Bg5 Be7 6. Qc2 O-O 7. e3 Nbd7 8.
Bd3 h6 9. Bh4 c5 10. Nge2 Re8 11. f3 cxd4 12. exd4 Qb6 13. O-O-O Nf8 14. g4 Bd7
15. Kb1 Rac8 16. Rhg1 Qd6 17. Bg3 Qc6 18. Be5 b5 19. Nf4 b4 20. Nce2 Qxc2+ 21.
Bxc2 Bb5 22. Ng3 Ne6 23. Nf5 Nxf4 24. Bxf4 Bf8 25. g5 Nh5 26. Be5 g6 27. gxh6
Kh7 28. Ne3 Red8 29. Rg5 Be7 30. Rxh5 Rxc2 31. Kxc2 gxh5 32. Rg1 Bf8 33. Bg7
Bd7 34. f4 Re8 35. Nxd5 Bf5+ 36. Kd2 Be7 37. Ne3 Be4 38. Rc1 Rd8 39. Rc7 1-0

[Event "17. Europa ch Juvenil - Femenino s18"]
[Site "Sibenik CRO"]
[Date "2007.09.14"]
[Round "1.5"]
[White "Severiukhina, Zoya"]
[Black "Mareckova, Martina"]
[Result "1/2-1/2"]
[WhiteElo "2267"]
[BlackElo "2003"]
[PlyCount "95"]
[EventDate "2007.09.14"]
[EventType "swiss"]
[EventRounds "9"]
[EventCountry "CRO"]
[Source "lmi"]
[SourceDate "2007.09.14"]

1. e4 e5 2. Nf3 Nc6 3. Bb5 d6 4. d4 Bd7 5. Nc3 Nf6 6. O-O Be7 7. Re1 exd4 8.
Nd5 Nxd5 9. exd5 Ne5 10. Bxd7+ Qxd7 11. Nxd4 O-O 12. Bd2 Bf6 13. Bc3 Rfe8 14.
Re3 c5 15. dxc6 bxc6 16. Rg3 Ng6 17. Qd2 Be5 18. Re3 Bf4 19. Rxe8+ Rxe8 20. Qd3
d5 21. Qf5 Qxf5 22. Nxf5 f6 23. g3 Bc7 24. Rd1 Ne5 25. Kg2 Bb6 26. b4 Nc4 27.
Re1 Rxe1 28. Bxe1 Kf7 29. a4 g6 30. Nh4 a5 31. bxa5 Bxa5 32. Bxa5 Nxa5 33. Kf3
Ke6 34. Ke3 Kd6 35. Ng2 Kc5 36. Nf4 Nc4+ 37. Ke2 Kb4 38. Ne6 Kc3 39. Kd1 Nb2+
40. Kc1 Nxa4 41. Nf8 Nc5 42. Nxh7 Nd7 43. h4 d4 44. g4 d3 45. cxd3 Kxd3 46. g5
fxg5 47. hxg5 Kd4 48. Nf6 1/2-1/2

[Event "17. Europa ch Juvenil - Femenino s18"]
[Site "Sibenik CRO"]
[Date "2007.09.14"]
[Round "1.6"]
[White "Le Bail, Clara"]
[Black "Ivakhinova, Inna"]
[Result "1/2-1/2"]
[WhiteElo "1981"]
[BlackElo "2251"]
[PlyCount "104"]
[EventDate "2007.09.14"]
[EventType "swiss"]
[EventRounds "9"]
[EventCountry "CRO"]
[Source "lmi"]
[SourceDate "2007.09.14"]

1. e4 c5 2. c3 e6 3. d4 d5 4. exd5 exd5 5. Nf3 Nc6 6. Be2 Bd6 7. dxc5 Bxc5 8.
O-O Nge7 9. Nbd2 O-O 10. Nb3 Bd6 11. Nbd4 Ng6 12. Qc2 a6 13. Nf5 Bc7 14. Rd1
Be6 15. Be3 Qf6 16. N5d4 Nf4 17. Bf1 Bg4 18. Re1 Rfe8 19. Nxc6 bxc6 20. Bd4 Qh6
21. Be5 Bb6 22. Nd4 Rxe5 23. Rxe5 Bc7 24. Rae1 Bxe5 25. Rxe5 Qf6 26. Re1 g6 27.
f3 Bd7 28. Qd2 Qd6 29. Ne2 Ne6 30. Kh1 Rb8 31. Nc1 c5 32. Rd1 Nc7 33. Nd3 Qb6
34. Ne5 Bf5 35. b3 Qf6 36. Nd3 Qc6 37. Nf4 Rd8 38. Qf2 Ne6 39. Nxe6 Bxe6 40.
Qh4 Qd6 41. Kg1 Qb6 42. Kf2 Qa5 43. Rd2 Rd7 44. b4 Qa4 45. Be2 Qa3 46. bxc5
Qxc5+ 47. Qd4 Qa3 48. Qb4 Qc1 49. Qb2 Qxb2 50. Rxb2 d4 51. cxd4 Rxd4 52. Bxa6
Ra4 1/2-1/2

[Event "17. Europa ch Juvenil - Femenino s18"]
[Site "Sibenik CRO"]
[Date "2007.09.14"]
[Round "1.7"]
[White "Tarasova, Viktoriya"]
[Black "Somova, Nadezda"]
[Result "1-0"]
[WhiteElo "2249"]
[BlackElo "1963"]
[PlyCount "109"]
[EventDate "2007.09.14"]
[EventType "swiss"]
[EventRounds "9"]
[EventCountry "CRO"]
[Source "lmi"]
[SourceDate "2007.09.14"]

1. d4 d5 2. Nf3 Nf6 3. c4 c6 4. e3 Bf5 5. Nc3 e6 6. Be2 dxc4 7. Bxc4 Bb4 8. Qb3
Qb6 9. O-O Bd6 10. Qd1 Nbd7 11. Qe2 Ne4 12. Nh4 Bg6 13. f4 Qd8 14. Nxg6 Nxc3
15. bxc3 hxg6 16. e4 Qh4 17. g3 Qh5 18. Qxh5 Rxh5 19. Rb1 O-O-O 20. Kg2 Rdh8
21. h4 Ra5 22. Bb3 Nb6 23. Bd2 c5 24. c4 Ra6 25. Be3 Nd7 26. Rbd1 cxd4 27. Bxd4
Nc5 28. Bxg7 Rg8 29. Bd4 Nxe4 30. Be3 Be7 31. Kf3 Nc5 32. Rd2 Nxb3 33. axb3 Rd8
34. Rxd8+ Kxd8 35. Rd1+ Kc7 36. Bf2 Rd6 37. Rxd6 Bxd6 38. g4 a6 39. h5 gxh5 40.
gxh5 Bf8 41. f5 Bg7 42. fxe6 fxe6 43. Be3 Kd7 44. h6 Bh8 45. Ke4 e5 46. Bc5 Ke6
47. Bf8 Kf7 48. Bg7 Bxg7 49. hxg7 Kxg7 50. Kxe5 Kf7 51. Kd6 Ke8 52. Kc7 b5 53.
c5 a5 54. Kb7 a4 55. c6 1-0

[Event "17. Europa ch Juvenil - Femenino s18"]
[Site "Sibenik CRO"]
[Date "2007.09.14"]
[Round "1.8"]
[White "Kaniak, Monika"]
[Black "Rakic, Marija"]
[Result "0-1"]
[WhiteElo "1950"]
[BlackElo "2247"]
[PlyCount "100"]
[EventDate "2007.09.14"]
[EventType "swiss"]
[EventRounds "9"]
[EventCountry "CRO"]
[Source "lmi"]
[SourceDate "2007.09.14"]

1. d4 Nf6 2. c4 e6 3. Nc3 Bb4 4. Qc2 c5 5. dxc5 Qc7 6. Nf3 a6 7. Bd2 Bxc5 8. e3
Be7 9. Bd3 d6 10. O-O O-O 11. Rfe1 Nbd7 12. a3 b6 13. b4 Bb7 14. Qb3 Rac8 15.
e4 Qb8 16. Rac1 Bd8 17. Bg5 Bc7 18. Bb1 Ng4 19. h3 Nge5 20. Bf4 Ng6 21. Bg3 Nf6
22. h4 Rfd8 23. Rcd1 Rd7 24. Qc2 Rcd8 25. Ba2 Qa8 26. Nd4 Qb8 27. Qe2 Ne5 28.
f4 Neg4 29. h5 e5 30. Nf5 d5 31. Nxd5 Bxd5 32. cxd5 exf4 33. Bh4 Be5 34. Qc4
Rc8 35. Qxa6 Ra7 36. Qb5 g6 37. Bxf6 Bxf6 38. hxg6 hxg6 39. d6 Rd8 40. Nd4
Bxd4+ 41. Rxd4 Rxd6 42. Bd5 f3 43. Kf1 Rxd5 44. exd5 fxg2+ 45. Kxg2 Qh2+ 46.
Kf3 Qf2+ 47. Kxg4 f5+ 48. Kg5 Qg3+ 49. Rg4 Qxg4+ 50. Kf6 Qh4+ 0-1

[Event "17. Europa ch Juvenil - Femenino s18"]
[Site "Sibenik CRO"]
[Date "2007.09.14"]
[Round "1.9"]
[White "Paulet, Iozefina"]
[Black "Knaperekova, Emilia"]
[Result "1-0"]
[WhiteElo "2241"]
[BlackElo "1946"]
[PlyCount "81"]
[EventDate "2007.09.14"]
[EventType "swiss"]
[EventRounds "9"]
[EventCountry "CRO"]
[Source "lmi"]
[SourceDate "2007.09.14"]

1. e4 e6 2. d4 d5 3. Nd2 Nf6 4. e5 Nfd7 5. Bd3 c5 6. c3 Nc6 7. Ne2 Qb6 8. Nf3
cxd4 9. cxd4 f6 10. exf6 Nxf6 11. O-O Bd6 12. Nc3 O-O 13. Be3 Bd7 14. Rc1 Rae8
15. a3 a6 16. Qc2 Qc7 17. Bg5 h6 18. Bh4 Ng4 19. Bg3 Bxg3 20. hxg3 Bc8 21. Qd1
Qf7 22. Bb1 Qh5 23. Nh4 Ne7 24. Qd3 Nf5 25. f3 Nge3 26. Nxf5 Nxf1 27. Nh4 Qg5
28. Rxf1 Qxg3 29. Qh7+ Kf7 30. Qg6+ Qxg6 31. Bxg6+ Ke7 32. Bxe8 Kxe8 33. Ng6
Rf7 34. Ne5 Rc7 35. Kf2 Bd7 36. Ke3 Bb5 37. Nxb5 axb5 38. Kd2 Ke7 39. Rc1 Rxc1
40. Kxc1 Kf6 41. Kd2 1-0

[Event "17. Europa ch Juvenil - Femenino s18"]
[Site "Sibenik CRO"]
[Date "2007.09.14"]
[Round "1.10"]
[White "Kaniak, Justyna"]
[Black "Leks, Hanna"]
[Result "0-1"]
[WhiteElo "1942"]
[BlackElo "2232"]
[PlyCount "130"]
[EventDate "2007.09.14"]
[EventType "swiss"]
[EventRounds "9"]
[EventCountry "CRO"]
[Source "lmi"]
[SourceDate "2007.09.14"]

1. e4 c5 2. Nf3 d6 3. d4 cxd4 4. Nxd4 Nf6 5. Nc3 Bd7 6. f4 e6 7. Bd3 Nc6 8. Nf3
Qb6 9. Qe2 Be7 10. Rb1 O-O 11. Be3 Qc7 12. O-O a6 13. h3 b5 14. g4 Nb4 15. g5
Nh5 16. Qg2 Nxd3 17. cxd3 b4 18. Ne2 e5 19. f5 Qc2 20. Rfd1 Bb5 21. Ne1 Qc7 22.
Qg4 g6 23. f6 Bd8 24. Ng3 Nxg3 25. Qxg3 h5 26. Qf2 Qd7 27. Kh2 Qe6 28. b3 Bc7
29. Rbc1 Rac8 30. Ng2 Rfe8 31. Nh4 d5 32. Qf3 Bd7 33. Rf1 dxe4 34. dxe4 Bd6 35.
Nxg6 Rxc1 36. Bxc1 Rc8 37. Nh4 Rc3 38. Be3 Qxh3+ 39. Qxh3 Bxh3 40. Kxh3 Rxe3+
41. Nf3 Rxe4 42. Rd1 Bc5 43. g6 fxg6 44. Rd8+ Bf8 45. Ng5 Rd4 46. f7+ Kg7 47.
Ne6+ Kxf7 48. Nxd4 exd4 49. Rxd4 g5 50. Rd5 Be7 51. Ra5 Ke6 52. Rxa6+ Kf5 53.
a4 bxa3 54. Ra4 g4+ 55. Kg2 h4 56. b4 h3+ 57. Kg1 a2 58. b5 g3 59. Rxa2 Bc5+
60. Kh1 Bb6 61. Rc2 Ke4 62. Ra2 Kf3 63. Ra3+ Be3 64. Rxe3+ Kxe3 65. b6 Kf2 0-1

[Event "17. Europa ch Juvenil - Femenino s18"]
[Site "Sibenik CRO"]
[Date "2007.09.14"]
[Round "1.11"]
[White "Ayrapetyan, Tatevik"]
[Black "Tonel, Giulia"]
[Result "1-0"]
[WhiteElo "2218"]
[BlackElo "1934"]
[PlyCount "73"]
[EventDate "2007.09.14"]
[EventType "swiss"]
[EventRounds "9"]
[EventCountry "CRO"]
[Source "lmi"]
[SourceDate "2007.09.14"]

1. e4 e5 2. Nf3 Nc6 3. Bb5 a6 4. Bxc6 dxc6 5. O-O Ne7 6. Nxe5 Qd4 7. Qh5 g6 8.
Qg5 Bg7 9. Nd3 Qxe4 10. Re1 h6 11. Qg3 Qg4 12. Qxc7 Qd7 13. Qxd7+ Bxd7 14. Nc3
b6 15. a4 a5 16. b3 Kd8 17. Ne5 Be6 18. Ba3 c5 19. d4 Bxe5 20. dxe5 Nf5 21.
Rad1+ Kc7 22. Nb5+ Kc6 23. f3 h5 24. Bc1 Rad8 25. Bg5 Rxd1 26. Rxd1 h4 27. Kf2
Bc8 28. Bf6 Re8 29. g4 hxg3+ 30. hxg3 Ba6 31. g4 Nh6 32. Rd6+ Kb7 33. Nc3 Ng8
34. Rd7+ Kc6 35. Rxf7 Nxf6 36. Rxf6+ Kb7 37. Rxg6 1-0

[Event "17. Europa ch Juvenil - Femenino s18"]
[Site "Sibenik CRO"]
[Date "2007.09.14"]
[Round "1.12"]
[White "Martin, Katie A"]
[Black "Yildiz, Betul Cemre"]
[Result "0-1"]
[WhiteElo "1928"]
[BlackElo "2217"]
[PlyCount "70"]
[EventDate "2007.09.14"]
[EventType "swiss"]
[EventRounds "9"]
[EventCountry "CRO"]
[Source "lmi"]
[SourceDate "2007.09.14"]

1. e4 c5 2. Nc3 Nc6 3. g3 g6 4. Bg2 Rb8 5. d3 b5 6. Be3 b4 7. Nce2 Bg7 8. Qc1
d6 9. Nf3 e5 10. O-O Nge7 11. Bh6 O-O 12. Bxg7 Kxg7 13. Nd2 Qc7 14. Nc4 Be6 15.
Ne3 Nd4 16. Qd2 f5 17. f4 Qb6 18. Kh1 a5 19. exf5 gxf5 20. fxe5 dxe5 21. Rae1
a4 22. Nxd4 cxd4 23. Nc4 Bxc4 24. dxc4 Ng6 25. Qg5 Qf6 26. Qxf6+ Rxf6 27. Bd5
b3 28. cxb3 axb3 29. a3 e4 30. g4 e3 31. gxf5 Nf8 32. Be6 Nxe6 33. fxe6 Rxf1+
34. Rxf1 e2 35. Re1 d3 0-1

[Event "17. Europa ch Juvenil - Femenino s18"]
[Site "Sibenik CRO"]
[Date "2007.09.14"]
[Round "1.13"]
[White "Daulyte, Deimante"]
[Black "Vasile, Teodora"]
[Result "1-0"]
[WhiteElo "2216"]
[BlackElo "1922"]
[PlyCount "75"]
[EventDate "2007.09.14"]
[EventType "swiss"]
[EventRounds "9"]
[EventCountry "CRO"]
[Source "lmi"]
[SourceDate "2007.09.14"]

1. e4 e5 2. Nf3 d6 3. d4 Nf6 4. Nc3 Nbd7 5. Bc4 Be7 6. O-O O-O 7. Re1 c6 8. a4
Qc7 9. Bb3 a5 10. h3 exd4 11. Nxd4 Nc5 12. Bc4 Be6 13. Bf1 Rad8 14. f4 d5 15.
e5 Nfe4 16. Nxe4 Nxe4 17. Bd3 Qb6 18. Be3 Bc5 19. c3 Qxb2 20. Rb1 Qxc3 21. Rb3
Bxd4 22. Rxc3 Bxc3 23. Rf1 d4 24. Bxe4 dxe3 25. Bxh7+ Kxh7 26. Qc2+ Kg8 27.
Qxc3 e2 28. Re1 Rd1 29. Kf2 Rfd8 30. Rxe2 R8d4 31. Qxa5 Rxf4+ 32. Kg3 Rc4 33.
Qa8+ Kh7 34. a5 Rc3+ 35. Kh2 Bc4 36. Re4 Bd5 37. Rh4+ Kg6 38. Qh8 1-0

[Event "17. Europa ch Juvenil - Femenino s18"]
[Site "Sibenik CRO"]
[Date "2007.09.14"]
[Round "1.14"]
[White "Cucarella Montell, Angels"]
[Black "Mader, Manuela"]
[Result "0-1"]
[WhiteElo "1921"]
[BlackElo "2204"]
[PlyCount "76"]
[EventDate "2007.09.14"]
[EventType "swiss"]
[EventRounds "9"]
[EventCountry "CRO"]
[Source "lmi"]
[SourceDate "2007.09.14"]

1. e4 c6 2. d4 d5 3. e5 Bf5 4. c4 dxc4 5. Bxc4 e6 6. Nc3 Nd7 7. Nge2 Nb6 8. Bb3
Ne7 9. Nf4 Bg6 10. h4 h6 11. Be3 Bh7 12. Qg4 Nf5 13. Nh5 Qd7 14. Ng3 O-O-O 15.
Rd1 Be7 16. Nxf5 Bxf5 17. Qe2 h5 18. a4 Bb4 19. f3 Qe7 20. Kf2 Bxc3 21. bxc3
Qa3 22. a5 Qxa5 23. Qb2 Nd5 24. Bd2 Qc7 25. c4 Nb6 26. Ra1 Kb8 27. Ba5 c5 28.
d5 exd5 29. cxd5 c4 30. Rhc1 Qc5+ 31. Kg3 Rxd5 32. Bxb6 Qxb6 33. Rxc4 Rhd8 34.
Ra2 Rb5 35. Ra3 Be6 36. Rc3 Qd4 37. Qe2 Rb4 38. Kh2 Qxc3 0-1

[Event "17. Europa ch Juvenil - Femenino s18"]
[Site "Sibenik CRO"]
[Date "2007.09.14"]
[Round "1.15"]
[White "Kharmunova, Nadejda"]
[Black "Vartic, Irina"]
[Result "1-0"]
[WhiteElo "2177"]
[BlackElo "1921"]
[PlyCount "45"]
[EventDate "2007.09.14"]
[EventType "swiss"]
[EventRounds "9"]
[EventCountry "CRO"]
[Source "lmi"]
[SourceDate "2007.09.14"]

1. e4 e5 2. Nf3 Nc6 3. d4 exd4 4. Nxd4 Nf6 5. Nxc6 bxc6 6. Bd3 d5 7. e5 Ng4 8.
O-O Bc5 9. h3 Nxe5 10. Re1 Qe7 11. Bf4 f6 12. Bxe5 fxe5 13. Qh5+ Kd8 14. Rxe5
Qf6 15. Nc3 g6 16. Rxd5+ Bd7 17. Rxd7+ Kxd7 18. Qxc5 Qd6 19. Qg5 Rae8 20. Bc4
Kc8 21. Qa5 Kb8 22. Rd1 Re5 23. Qa6 1-0

[Event "17. Europa ch Juvenil - Femenino s18"]
[Site "Sibenik CRO"]
[Date "2007.09.14"]
[Round "1.17"]
[White "Van Nies, Pauline"]
[Black "Ivekovic, Ivana"]
[Result "1-0"]
[WhiteElo "2162"]
[BlackElo "1918"]
[PlyCount "49"]
[EventDate "2007.09.14"]
[EventType "swiss"]
[EventRounds "9"]
[EventCountry "CRO"]
[Source "lmi"]
[SourceDate "2007.09.14"]

1. e4 c5 2. Nf3 e6 3. d4 cxd4 4. Nxd4 a6 5. Nc3 Qc7 6. Bd3 Nf6 7. a4 b6 8. Qe2
Bb7 9. O-O d6 10. f4 Nbd7 11. Bd2 Be7 12. Rae1 Nc5 13. Kh1 O-O 14. Rf3 d5 15.
e5 Nfe4 16. Rh3 Nxd3 17. cxd3 Nxd2 18. Qxd2 Bc5 19. Nf3 Qe7 20. d4 Bb4 21. Ng5
f6 22. Nxh7 Rf7 23. Qd3 fxe5 24. Ng5 e4 25. Rh8+ 1-0

[Event "17. Europa ch Juvenil - Femenino s18"]
[Site "Sibenik CRO"]
[Date "2007.09.14"]
[Round "1.18"]
[White "Altunkeser, Gozde"]
[Black "Zhorzholiani, Meri"]
[Result "0-1"]
[WhiteElo "1913"]
[BlackElo "2110"]
[PlyCount "54"]
[EventDate "2007.09.14"]
[EventType "swiss"]
[EventRounds "9"]
[EventCountry "CRO"]
[Source "lmi"]
[SourceDate "2007.09.14"]

1. e4 c5 2. Nf3 d6 3. d4 cxd4 4. Nxd4 Nf6 5. Nc3 Nc6 6. Be2 Nxd4 7. Qxd4 g6 8.
Be3 Bg7 9. f3 O-O 10. Qd2 Be6 11. O-O-O Qa5 12. Nd5 Qxa2 13. Nxe7+ Kh8 14. Qb4
Rfe8 15. e5 dxe5 16. Rhf1 a5 17. Qd6 Qa1+ 18. Kd2 Qxb2 19. Rb1 Qa2 20. Bd3 Rad8
21. Qc5 e4 22. Ra1 Rxd3+ 23. Ke2 Rxe3+ 24. Kxe3 Qc4 25. Qxc4 Bxc4 26. Rxa5 Bxf1
27. Nd5 Nxd5+ 0-1

[Event "17. Europa ch Juvenil - Femenino s18"]
[Site "Sibenik CRO"]
[Date "2007.09.14"]
[Round "1.19"]
[White "Orlyanskaya, Darya"]
[Black "Virag, Csilla"]
[Result "1-0"]
[WhiteElo "2092"]
[BlackElo "1892"]
[PlyCount "65"]
[EventDate "2007.09.14"]
[EventType "swiss"]
[EventRounds "9"]
[EventCountry "CRO"]
[Source "lmi"]
[SourceDate "2007.09.14"]

1. e4 e5 2. Nf3 Nc6 3. Bb5 a6 4. Ba4 Nf6 5. O-O Be7 6. Re1 b5 7. Bb3 O-O 8. c3
d5 9. d4 exd4 10. e5 Ne4 11. cxd4 Bf5 12. Nbd2 Nxd2 13. Bxd2 Bg4 14. Be3 Na5
15. Bc2 Rc8 16. a3 Nc4 17. Qd3 g6 18. Bh6 Re8 19. b4 c6 20. h3 Bxf3 21. Qxf3
Bg5 22. Bxg5 Qxg5 23. Qg4 Qxg4 24. hxg4 Kg7 25. f4 Rh8 26. a4 Ra8 27. f5 Rhe8
28. f6+ Kf8 29. a5 Red8 30. Kf2 Ke8 31. Rh1 Kd7 32. Rxh7 Ke6 33. Bxg6 1-0

[Event "17. Europa ch Juvenil - Femenino s18"]
[Site "Sibenik CRO"]
[Date "2007.09.14"]
[Round "1.20"]
[White "Bogdan, Elizaveta"]
[Black "Homiakova, Ekaterina"]
[Result "1-0"]
[WhiteElo "1880"]
[BlackElo "2089"]
[PlyCount "87"]
[EventDate "2007.09.14"]
[EventType "swiss"]
[EventRounds "9"]
[EventCountry "CRO"]
[Source "lmi"]
[SourceDate "2007.09.14"]

1. Nf3 c5 2. g3 g6 3. Bg2 Bg7 4. d3 d5 5. O-O Nc6 6. Nbd2 e6 7. Re1 Nge7 8. e4
O-O 9. Rb1 Rb8 10. a3 b5 11. exd5 exd5 12. Nb3 Qb6 13. Be3 d4 14. Bf4 Be6 15.
Bxb8 Rxb8 16. Nbd2 h6 17. Ne4 c4 18. Re2 Nd5 19. Qe1 Rd8 20. Nh4 Nc7 21. Nd2
Bg4 22. Re4 f5 23. Re6 Nxe6 24. Qxe6+ Kh8 25. Qxc6 Qxc6 26. Bxc6 g5 27. Ng6+
Kh7 28. Ne7 Bf8 29. Re1 cxd3 30. cxd3 Kg7 31. Bxb5 Rb8 32. a4 a6 33. Bxa6 Rxb2
34. Nc4 Ra2 35. Bb5 Kf7 36. Nd6+ Kf6 37. Ne8+ Kf7 38. Bc4+ Kxe8 39. Bxa2 Bxe7
40. Bd5 Kd8 41. Re6 h5 42. a5 f4 43. Rxe7 Kxe7 44. a6 1-0

[Event "17. Europa ch Juvenil - Femenino s18"]
[Site "Sibenik CRO"]
[Date "2007.09.14"]
[Round "1.21"]
[White "Gosciniak, Maria"]
[Black "Misovic, Sanja"]
[Result "1-0"]
[WhiteElo "2076"]
[BlackElo "1872"]
[PlyCount "75"]
[EventDate "2007.09.14"]
[EventType "swiss"]
[EventRounds "9"]
[EventCountry "CRO"]
[Source "lmi"]
[SourceDate "2007.09.14"]

1. e4 c5 2. Nf3 e6 3. d4 cxd4 4. Nxd4 Nc6 5. Nxc6 bxc6 6. Bd3 Qc7 7. O-O Nf6 8.
f4 Be7 9. Nc3 O-O 10. b3 d5 11. Bb2 Nd7 12. Kh1 f6 13. exd5 exd5 14. Qh5 f5 15.
Bxf5 Nf6 16. Qh3 Bxf5 17. Qxf5 Bd6 18. g3 Rae8 19. Qd3 Ng4 20. Rf3 Re3 21. Qf1
Rfe8 22. h3 Nh6 23. Qf2 Bc5 24. Na4 Re2 25. Qxc5 Qd7 26. f5 Nxf5 27. Raf1 Nd6
28. g4 h5 29. Qg1 Rxc2 30. R3f2 Rxf2 31. Rxf2 Ne4 32. Rg2 d4 33. Qxd4 Qc7 34.
Qg1 Qf4 35. gxh5 Qh4 36. Rxg7+ Kf8 37. Rg8+ Kf7 38. Qg7+ 1-0

[Event "17. Europa ch Juvenil - Femenino s18"]
[Site "Sibenik CRO"]
[Date "2007.09.14"]
[Round "1.22"]
[White "Yelmarova, Natavan"]
[Black "Steil-Antoni, Fiona"]
[Result "0-1"]
[WhiteElo "1850"]
[BlackElo "2065"]
[PlyCount "74"]
[EventDate "2007.09.14"]
[EventType "swiss"]
[EventRounds "9"]
[EventCountry "CRO"]
[Source "lmi"]
[SourceDate "2007.09.14"]

1. d4 Nf6 2. c4 e6 3. Nc3 Bb4 4. a3 Bxc3+ 5. bxc3 c5 6. e3 O-O 7. Bd3 Nc6 8.
Ne2 b6 9. O-O Ba6 10. Ng3 Na5 11. Qe2 Ne8 12. dxc5 bxc5 13. Ne4 Rc8 14. a4 f5
15. Nxc5 Rxc5 16. Ba3 Rc8 17. Bxf8 Kxf8 18. e4 Bxc4 19. exf5 exf5 20. Rab1 d5
21. Rfd1 Nf6 22. Qe5 Bxd3 23. Rxd3 Qd7 24. Rf3 Nc4 25. Qd4 Re8 26. Re3 Nxe3 27.
fxe3 Qe7 28. Re1 Rc8 29. Rf1 Rc4 30. Qd3 Qe4 31. Qd2 Rxa4 32. h3 Ra6 33. Qe2
Re6 34. Rf3 f4 35. Qb5 fxe3 36. Qb8+ Re8 37. Qd6+ Qe7 0-1

[Event "17. Europa ch Juvenil - Femenino s18"]
[Site "Sibenik CRO"]
[Date "2007.09.14"]
[Round "1.23"]
[White "Kalashyan, Varduhi"]
[Black "Nadvesnik, Maja"]
[Result "1/2-1/2"]
[WhiteElo "2059"]
[BlackElo "1791"]
[PlyCount "139"]
[EventDate "2007.09.14"]
[EventType "swiss"]
[EventRounds "9"]
[EventCountry "CRO"]
[Source "lmi"]
[SourceDate "2007.09.14"]

1. e4 e5 2. Nf3 Nc6 3. Bb5 a6 4. Ba4 Nf6 5. O-O Be7 6. Re1 b5 7. Bb3 d6 8. c3
O-O 9. h3 Nb8 10. d4 Nbd7 11. Nbd2 Bb7 12. Bc2 Re8 13. Nf1 Bf8 14. Ng3 g6 15.
a4 c5 16. dxe5 dxe5 17. Qe2 c4 18. Bg5 h6 19. Bxf6 Nxf6 20. b3 Qc7 21. Nd2 cxb3
22. Bxb3 Qxc3 23. Rec1 Qd4 24. Nf3 Qb6 25. Qa2 Kg7 26. Bxf7 Re7 27. a5 Qa7 28.
Be6 Rae8 29. Bd5 Nxd5 30. exd5 Rd7 31. Qb2 Qb8 32. Re1 Rxd5 33. Rac1 Kh7 34.
Ne4 Bg7 35. Qb3 Rc8 36. Rxc8 Qxc8 37. Qa3 Qd8 38. Qa2 Bc8 39. Nc3 Rc5 40. Ne4
Rc4 41. h4 Bf5 42. Ng3 e4 43. Nxf5 gxf5 44. Nd2 Ra4 45. Qf7 Qf6 46. Qxf6 Bxf6
47. Nb3 Ra3 48. Rb1 Bc3 49. Kf1 Bxa5 50. g4 fxg4 51. Nc5 Bb6 52. Nxe4 Ra4 53.
Re1 Rc4 54. Nf6+ Kg7 55. Re6 Bd8 56. Nh5+ Kh7 57. Rxa6 Bxh4 58. Rb6 Rc5 59. Nf4
Rf5 60. Rb7+ Kg8 61. Ng6 Bg5 62. Kg2 h5 63. Kg3 Rf3+ 64. Kg2 h4 65. Rxb5 h3+
66. Kg1 Bf6 67. Rb4 g3 68. fxg3 Rxg3+ 69. Kh2 Rxg6 70. Kxh3 1/2-1/2

[Event "17. Europa ch Juvenil - Femenino s18"]
[Site "Sibenik CRO"]
[Date "2007.09.14"]
[Round "1.25"]
[White "Baptista, Ana Filipa"]
[Black "Naydenova, Yordanka"]
[Result "1-0"]
[WhiteElo "2055"]
[BlackElo "1749"]
[PlyCount "55"]
[EventDate "2007.09.14"]
[EventType "swiss"]
[EventRounds "9"]
[EventCountry "CRO"]
[Source "lmi"]
[SourceDate "2007.09.14"]

1. e4 e5 2. Nf3 Nc6 3. Bb5 a6 4. Ba4 Nf6 5. d3 b5 6. Bb3 Be7 7. O-O O-O 8. Nbd2
Re8 9. Re1 Bf8 10. c3 d5 11. Qe2 d4 12. Ng5 Re7 13. Nf1 h6 14. Nf3 g6 15. Nh4
Kh8 16. f4 exf4 17. Bxf4 g5 18. e5 gxf4 19. Qf3 Nxe5 20. Qxa8 c6 21. Nf5 Rc7
22. Rxe5 Nd7 23. Re4 Nb6 24. Qb8 Nd7 25. Re8 Qxe8 26. Qxc7 Ne5 27. cxd4 Nxd3
28. Bxf7 1-0

[Event "17. Europa ch Juvenil - Femenino s18"]
[Site "Sibenik CRO"]
[Date "2007.09.14"]
[Round "1.26"]
[White "Kahancova, Ivana"]
[Black "Kruljac, Petra"]
[Result "0-1"]
[WhiteElo "1634"]
[BlackElo "2054"]
[PlyCount "38"]
[EventDate "2007.09.14"]
[EventType "swiss"]
[EventRounds "9"]
[EventCountry "CRO"]
[Source "lmi"]
[SourceDate "2007.09.14"]

1. e4 e6 2. d4 d5 3. Nc3 Bb4 4. e5 c5 5. a3 Bxc3+ 6. bxc3 Ne7 7. Qg4 Kf8 8. a4
Qc7 9. Ba3 b6 10. Bd3 cxd4 11. cxd4 Qc3+ 12. Ke2 Qxa1 13. Bxe7+ Kxe7 14. Qxg7
Rf8 15. Bb5 Bd7 16. Qf6+ Ke8 17. Qf4 Bxb5+ 18. axb5 Nd7 19. h4 Rc8 0-1